Causa por el licenciado Luis Tribiño Promutor, fiscal contra Doña María de Espinosa, sobre nulidad de matrimonio

Detalles Bibliográficos
Otros Autores: Lorenzo de Salcedo
Formato: Libro
Publicado: s.l., s.f.
Materias:
Colección:Banco de datos
Acervo:Biblioteca Palafoxiana. Colección de Manuscritos
Descripción Física:12 f. ; 20.5 x 29.5 cm.
Tema general:Eclesiástica
LEADER 00461nam a22001450004500
035 |a 1069 
245 1 0 |a Causa por el licenciado Luis Tribiño Promutor, fiscal contra Doña María de Espinosa, sobre nulidad de matrimonio 
260 |a s.l., s.f. 
300 |a 12 f. ; 20.5 x 29.5 cm. 
650 1 0 |a Eclesiástica 
700 1 |a Lorenzo de Salcedo 
949 |a 19944/013 
942 |c PALAMANU 
943 |g Biblioteca Palafoxiana. Colección de Manuscritos 
999 |c 1069014  |d 1069014